[Event "44th Rilton Cup 2014-15"]
[Site "Stockholm SWE"]
[Date "2015.01.03"]
[Round "7.38"]
[White "Berglind, Axel"]
[Black "Hammar, Bengt"]
[Result "1/2-1/2"]
[BlackTitle "FM"]
[WhiteElo "1972"]
[BlackElo "2211"]
[WhiteFideId "1720228"]
[BlackFideId "1700391"]
[EventDate "2014.12.27"]

1. c4 Nf6 2. Nc3 g6 3. g3 Bg7 4. Bg2 O-O 5. e3 d6 6. Nge2 c6 7. O-O e5 8. d4
Nbd7 9. b3 Re8 10. Ba3 Bf8 11. Qd2 a6 12. Rac1 h5 13. f4 exf4 14. gxf4 Qa5 15.
Bb2 d5 16. f5 Bh6 17. Nf4 g5 18. Nd3 Ng4 19. Rce1 dxc4 20. bxc4 Nb6 21. e4 Nxc4
22. Qc1 Qd8 23. Nd1 Nxb2 24. Qxb2 Nf6 25. e5 Nd5 26. Bxd5 Qxd5 27. Ne3 Qb5 28.
Qe2 g4 29. h3 Qb6 30. Nc2 Qd8 31. hxg4 Qg5 32. Nf2 Bxf5 33. Ne4 Bxe4 34. Qxe4
Qxg4+ 35. Qxg4+ hxg4 36. Rf6 Re6 37. Rxe6 fxe6 38. Re4 Kf7 39. Rxg4 Rd8 40. Kf2
c5 41. Ke2 Rd5 42. Kd3 cxd4 43. Rxd4 Rxd4+ 44. Kxd4 Ke7 45. a4 Bc1 46. Kc5 Kd7
47. Kb6 Kc8 48. Kc5 Kc7 49. Ne1 Be3+ 50. Kc4 Kb6 51. Ng2 Bg5 52. Ne1 Kc6 53. Nf3
Be3 54. Kd3 Bf2 55. Ke4 Bc5 56. Ng5 Kd7 57. Kd3 Ba3 58. Kc4 Bb2 59. Nf3 Bc1 60.
Kc5 Be3+ 61. Kc4 Kc6 62. Kd3 Bh6 63. Ke4 Bc1 64. Nd4+ Kd7 65. Nb3 Ba3 66. a5 Bb4
67. Kd4 Be7 68. Kc4 Bd8 69. Nc5+ Kc6 70. Nxe6 Bxa5 71. Nd4+ Kd7 72. Kd5 Bd8 73.
e6+ Kc7 74. Nf5 Bf6 75. e7 Kd7 76. e8=Q+ Kxe8 77. Nd6+ Kd7 78. Nxb7 1/2-1/2

[Event "44th Rilton Cup 2014-15"]
[Site "Stockholm SWE"]
[Date "2015.01.03"]
[Round "7.39"]
[White "Eriksson, Jorgen"]
[Black "Evertsson, Lennart"]
[Result "1-0"]
[WhiteElo "2211"]
[BlackElo "2130"]
[WhiteFideId "1701967"]
[BlackFideId "1705156"]
[EventDate "2014.12.27"]

1. d4 c5 2. e3 Nf6 3. Nf3 e6 4. b3 b6 5. Bb2 Bb7 6. Nbd2 Nc6 7. Be2 cxd4 8. exd4
Qc7 9. O-O Ne7 10. Ne5 Nf5 11. Bf3 Bxf3 12. Qxf3 Rc8 13. c4 Be7 14. Rad1 O-O 15.
Ne4 Nxe4 16. Qxe4 Nd6 17. Qe2 f5 18. d5 Rce8 19. dxe6 dxe6 20. Nd3 Ne4 21. f3
Nc5 22. Nxc5 Bxc5+ 23. Bd4 Bd6 24. g3 e5 25. Bf2 Bb4 26. Rd5 Rf7 27. Rfd1 e4 28.
f4 e3 29. Be1 Bxe1 30. Rxe1 g5 31. Rf1 Re4 32. fxg5 f4 33. Kg2 Re8 34. Rf3 Qe7
35. gxf4 Qe4 36. Kg3 Rfe7 37. Rd3 1-0

[Event "44th Rilton Cup 2014-15"]
[Site "Stockholm SWE"]
[Date "2015.01.03"]
[Round "7.40"]
[White "Vistisen, Lars"]
[Black "Bit-Narva, David"]
[Result "1-0"]
[WhiteElo "2129"]
[BlackElo "1996"]
[WhiteFideId "1404598"]
[BlackFideId "24128856"]
[EventDate "2014.12.27"]

1. e4 c5 2. Nf3 d6 3. c3 Nf6 4. Be2 Nbd7 5. d3 g6 6. Nbd2 Bg7 7. Nf1 Qc7 8. Ng3
b6 9. O-O O-O 10. Bg5 Bb7 11. Qd2 d5 12. Qc2 h6 13. Bd2 dxe4 14. dxe4 Qc6 15.
Qc1 Nxe4 16. Bxh6 Qf6 17. Qe3 Bxh6 18. Qxh6 Qg7 19. Qe3 Ndf6 20. Ng5 Nxg5 21.
Qxg5 Ne4 22. Nxe4 Bxe4 23. Bc4 Qf6 24. Qxf6 exf6 25. Rfe1 Rfe8 26. Bb5 Re6 27.
Bc4 Ree8 28. f3 Bf5 29. Kf2 Rxe1 30. Rxe1 b5 31. Bxb5 Rb8 32. Re8+ Rxe8 33. Bxe8
Kf8 34. Bc6 Ke7 35. Bd5 g5 36. Ke3 Bg6 37. g4 f5 38. gxf5 Bxf5 39. Be4 Be6 40.
a3 f5 41. Bb7 Kd6 42. f4 g4 43. b4 Kc7 44. Ba6 Kb6 45. Bd3 a5 46. Kf2 axb4 47.
axb4 Kc6 48. Kg3 Kd5 49. Kh4 cxb4 50. cxb4 Kd4 51. Bb1 Kc3 52. Kg5 1-0

[Event "44th Rilton Cup 2014-15"]
[Site "Stockholm SWE"]
[Date "2015.01.03"]
[Round "7.41"]
[White "Liedbeck, Patrik"]
[Black "Lindbergh, Theodor"]
[Result "0-1"]
[WhiteElo "2016"]
[BlackElo "2128"]
[WhiteFideId "1718975"]
[BlackFideId "1716956"]
[EventDate "2014.12.27"]

1. e4 Nf6 2. e5 Nd5 3. c4 Nb6 4. d4 d6 5. exd6 cxd6 6. Nc3 g6 7. Be3 Bg7 8. Rc1
O-O 9. b3 Bf5 10. d5 e5 11. Nf3 Bg4 12. Be2 N8d7 13. Qd2 Bxf3 14. Bxf3 f5 15.
Bg5 Bf6 16. Bxf6 Qxf6 17. Nb5 e4 18. Be2 f4 19. Bg4 Ne5 20. Be6+ Kh8 21. O-O Qg5
22. Qd4 e3 23. fxe3 fxe3 24. Nxd6 e2 25. Rfe1 Rf6 26. Nf7+ Nxf7 27. Bxf7 Nd7 28.
Be6 Ne5 29. Kh1 Qxc1 30. Rxc1 Rf1+ 31. Qg1 Rxg1+ 32. Rxg1 Nd3 33. c5 Nf2# 0-1

[Event "44th Rilton Cup 2014-15"]
[Site "Stockholm SWE"]
[Date "2015.01.03"]
[Round "7.42"]
[White "Orndahl, Markus"]
[Black "Naslund, Mikael"]
[Result "0-1"]
[BlackTitle "FM"]
[WhiteElo "2188"]
[BlackElo "2150"]
[WhiteFideId "1709135"]
[BlackFideId "1708260"]
[EventDate "2014.12.27"]

1. e4 c5 2. Nc3 Nc6 3. Nf3 d6 4. Bc4 Nf6 5. d4 cxd4 6. Nxd4 Qb6 7. Nb3 e6 8. Qe2
Be7 9. Be3 Qc7 10. f3 O-O 11. Nb5 Qb8 12. a4 d5 13. exd5 exd5 14. Bd3 Re8 15.
O-O-O a6 16. N5d4 Bd6 17. Kb1 Bd7 18. Nxc6 bxc6 19. Qf2 Qb4 20. Bc5 Bxc5 21.
Nxc5 Be6 22. c3 Qa5 23. b4 Reb8 24. Ka1 Qc7 25. a5 Qe5 26. Qb2 Nd7 27. Nxe6 Qxe6
28. Qc2 Nf6 29. Qe2 Qd6 30. Qf2 c5 31. Qxc5 Qxc5 32. bxc5 Rc8 33. Kb2 Rxc5 34.
Ra1 d4 35. Ra3 Rb8+ 36. Ka1 dxc3 37. Rc1 Nd5 38. Bxa6 Ra8 39. Bd3 Raxa5 40. Rxa5
Rxa5+ 41. Kb1 g6 42. g3 Ra3 43. Be4 Nb4 44. Rd1 Rb3+ 45. Ka1 Kg7 46. g4 Rb2 47.
Rc1 Na2 48. Rc2 Rxc2 49. Bxc2 Nb4 50. Be4 Kf6 51. h4 Ke5 52. h5 Kd4 53. Kb1 Kc4
54. Kc1 Kb3 55. h6 c2 56. Kd2 Kb2 57. Bxc2 Nxc2 58. g5 Nd4 59. Ke3 Kc3 60. Ke4
Nxf3 0-1

[Event "44th Rilton Cup 2014-15"]
[Site "Stockholm SWE"]
[Date "2015.01.04"]
[Round "8.1"]
[White "Hillarp Persson, Tiger"]
[Black "Roiz, Michael"]
[Result "1/2-1/2"]
[WhiteTitle "GM"]
[BlackTitle "GM"]
[WhiteElo "2544"]
[BlackElo "2592"]
[WhiteFideId "1700812"]
[BlackFideId "2804158"]
[EventDate "2014.12.27"]

1. d4 Nf6 2. c4 e6 3. Nc3 d5 4. cxd5 exd5 5. Bg5 c6 6. Qc2 Be7 7. e3 Nbd7 8.
O-O-O h6 9. Bf4 Nb6 10. Kb1 Bd6 11. Bxd6 Qxd6 12. Nf3 Bg4 13. h3 Bh5 14. Bd3
Bxf3 15. gxf3 O-O-O 16. h4 g6 17. Ne2 Nh5 18. Rdg1 Qf6 19. f4 Kb8 20. Rg2 Rc8
21. Ng1 Qe7 22. Nf3 c5 23. dxc5 Rxc5 24. Qe2 Nf6 25. Rgg1 Rhc8 26. Rc1 Rxc1+ 27.
Rxc1 Rxc1+ 28. Kxc1 Ne4 29. Bxe4 dxe4 30. Ne5 Nd7 31. Nxd7+ Qxd7 32. Qd2 Qe7 1/2-1/2

[Event "44th Rilton Cup 2014-15"]
[Site "Stockholm SWE"]
[Date "2015.01.04"]
[Round "8.2"]
[White "Hammer, Jon Ludvig"]
[Black "Grandelius, Nils"]
[Result "1-0"]
[WhiteTitle "GM"]
[BlackTitle "GM"]
[WhiteElo "2640"]
[BlackElo "2581"]
[WhiteFideId "1503707"]
[BlackFideId "1710400"]
[EventDate "2014.12.27"]

1. d4 Nf6 2. c4 e6 3. Nc3 Bb4 4. e3 O-O 5. Bd3 c5 6. Nf3 d5 7. O-O dxc4 8. Bxc4
b6 9. a3 Bxc3 10. bxc3 Bb7 11. Bb2 Qc7 12. Qe2 Rd8 13. Rac1 Ne4 14. Bd3 Nd7 15.
Ne1 Rac8 16. f3 Nd6 17. e4 b5 18. Bxb5 Nxb5 19. Qxb5 Rb8 20. Qe2 Qb6 21. Rf2 Ba6
22. Qe3 Qb3 23. Qg5 h6 24. Qe7 Nb6 25. Qxc5 Na4 26. Qa5 Qc4 27. Ba1 Rd6 28. Qe5
Rdb6 29. h3 Rb1 30. Rfc2 R8b5 31. Qd6 Rxc1 32. Rxc1 Rb6 33. Qg3 Rb3 34. Kh2 Rxa3
35. Nc2 Rb3 36. Ne3 Qd3 37. Ng4 Qd2 38. Nf6+ Kh8 39. Ne8 Qg5 40. Qxg5 hxg5 41.
c4 Kg8 42. d5 f6 43. Nc7 Bc8 44. c5 Kf7 45. d6 Rd3 46. e5 1-0

[Event "44th Rilton Cup 2014-15"]
[Site "Stockholm SWE"]
[Date "2015.01.04"]
[Round "8.3"]
[White "Smirin, Ilia"]
[Black "Krasenkow, Michal"]
[Result "1-0"]
[WhiteTitle "GM"]
[BlackTitle "GM"]
[WhiteElo "2644"]
[BlackElo "2614"]
[WhiteFideId "2801990"]
[BlackFideId "1113100"]
[EventDate "2014.12.27"]

1. e4 e5 2. Nf3 Nc6 3. Bb5 Nf6 4. d3 d6 5. O-O Bd7 6. c4 a6 7. Ba4 Be7 8. Nc3
O-O 9. h3 Nd4 10. Nxd4 exd4 11. Bxd7 Nxd7 12. Ne2 Bf6 13. b4 b5 14. Qb3 bxc4 15.
Qxc4 c5 16. Bf4 Nb6 17. Qb3 Rc8 18. bxc5 dxc5 19. Rab1 Rc6 20. Rfc1 Qc8 21. Ng3
Re8 22. Nf5 Ree6 23. Qd1 g6 24. Nh6+ Kf8 25. Qf3 Qd7 26. a4 a5 27. Rb5 c4 28.
dxc4 Rxc4 29. Rcb1 Bd8 30. Bd2 Rxa4 31. Ng4 h5 32. Ne5 Qe8 33. Nd3 Nd7 34. Nf4
Rf6 35. Qb3 Nb6 36. e5 Rf5 37. Rxb6 Bxb6 38. Qxb6 Rxe5 39. Nxg6+ fxg6 40. Qf6+
Kg8 41. Rb7 1-0

[Event "44th Rilton Cup 2014-15"]
[Site "Stockholm SWE"]
[Date "2015.01.04"]
[Round "8.4"]
[White "Mikhalevski, Victor"]
[Black "Romanov, Evgeny"]
[Result "1/2-1/2"]
[WhiteTitle "GM"]
[BlackTitle "GM"]
[WhiteElo "2571"]
[BlackElo "2638"]
[WhiteFideId "2801914"]
[BlackFideId "4148843"]
[EventDate "2014.12.27"]

1. c4 e5 2. g3 Nf6 3. Bg2 c6 4. d4 exd4 5. Qxd4 d5 6. Nf3 Be6 7. O-O dxc4 8.
Qxd8+ Kxd8 9. Ng5 Nbd7 10. Rd1 Ke8 11. Nxe6 fxe6 12. Nd2 Ne5 13. Nf3 Nxf3+ 14.
Bxf3 Nd5 15. Bd2 Be7 16. Rac1 Nb6 17. Bc3 Bf6 18. Bh5+ Kf8 19. Ba5 g6 20. Bg4
Ke7 21. Bxb6 axb6 22. Rxc4 h5 23. Bh3 g5 24. a4 Rhd8 25. Rxd8 Rxd8 26. Rb4 Rd2
27. Rxb6 Rxb2 28. Rxb2 Bxb2 29. Kf1 b5 30. axb5 cxb5 31. e3 b4 32. Ke2 Bc3 33.
Kd3 Be1 34. f3 Bf2 35. Bf1 Bg1 36. h3 b3 37. Ke4 b2 38. Bd3 Kd6 39. g4 hxg4 40.
hxg4 e5 41. f4 exf4 1/2-1/2

[Event "44th Rilton Cup 2014-15"]
[Site "Stockholm SWE"]
[Date "2015.01.04"]
[Round "8.5"]
[White "Turova, Irina"]
[Black "Goganov, Aleksey"]
[Result "0-1"]
[WhiteTitle "IM"]
[BlackTitle "GM"]
[WhiteElo "2421"]
[BlackElo "2615"]
[WhiteFideId "4120876"]
[BlackFideId "24109959"]
[EventDate "2014.12.27"]

1. d4 Nf6 2. c4 e6 3. Nc3 Bb4 4. Qc2 O-O 5. a3 Bxc3+ 6. Qxc3 d6 7. Bg5 Nbd7 8.
e3 b6 9. Ne2 Ba6 10. Qc2 c5 11. Rd1 Qc8 12. Nc3 cxd4 13. Rxd4 Qc5 14. Bxf6 Nxf6
15. Be2 e5 16. Rd2 Rac8 17. O-O Bxc4 18. Bxc4 Qxc4 19. Rxd6 Nd5 20. Rc1 Nxc3 21.
Qxc3 Qxc3 22. Rxc3 Rxc3 23. bxc3 Rc8 24. Rd1 Kf8 25. Rc1 Rc4 26. Kf1 Ke7 27. Ke2
Ra4 28. Ra1 Kd6 29. Kd2 Kd5 30. Kc2 Kc4 31. Kb2 Ra5 32. Rd1 Rd5 33. Rxd5 Kxd5
34. Kb3 Ke4 35. Kc4 a6 36. a4 f5 37. f4 exf4 38. exf4 h5 39. g3 h4 40. gxh4 g6
41. Kb4 Kxf4 42. c4 Ke3 43. a5 bxa5+ 44. Kxa5 f4 45. c5 f3 46. c6 f2 47. Kxa6
f1=Q+ 48. Ka7 Qc4 49. Kb7 Qb5+ 50. Kc7 Kd4 0-1

[Event "44th Rilton Cup 2014-15"]
[Site "Stockholm SWE"]
[Date "2015.01.04"]
[Round "8.6"]
[White "Shimanov, Aleksandr"]
[Black "Blomqvist, Erik"]
[Result "0-1"]
[WhiteTitle "GM"]
[BlackTitle "GM"]
[WhiteElo "2591"]
[BlackElo "2525"]
[WhiteFideId "4198603"]
[BlackFideId "1709437"]
[EventDate "2014.12.27"]

1. e4 c5 2. Nf3 e6 3. c3 d5 4. e5 d4 5. Bd3 Bd7 6. O-O Bc6 7. Na3 Ne7 8. Re1 Ng6
9. Be4 Be7 10. d3 O-O 11. cxd4 cxd4 12. Nc2 Bxe4 13. Rxe4 Nc6 14. Qe2 Rc8 15. g3
Qd5 16. Nce1 Rfd8 17. h4 Qb5 18. h5 Nf8 19. h6 g6 20. Nc2 Qc5 21. Bf4 Nxe5 22.
Nfxd4 Ned7 23. Ne3 e5 24. Nb3 Qb5 25. Nc4 exf4 26. Rxe7 Qg5 27. Nd6 fxg3 28. f4
Qxh6 29. Nxf7 Qh2+ 30. Qxh2 gxh2+ 31. Kxh2 Re8 32. Nh6+ Kh8 33. Rae1 Rxe7 34.
Rxe7 Rc2+ 35. Kg1 Rxb2 36. Nd4 Rb4 37. Nf7+ Kg8 38. Nh6+ Kh8 39. Ne2 Rb6 40.
Nf7+ Kg8 41. Nd4 Nc5 42. Nh6+ Kh8 43. f5 Rf6 44. Nf7+ Kg7 45. Ne5+ Kh8 46. Rc7
b6 47. Rxa7 gxf5 48. Nf7+ Kg7 49. Nxf5+ Kg6 50. N7d6 Nfe6 51. Ne7+ Kg5 52. Nd5
Rg6 53. Rxh7 Nf8 54. Rf7 Rxd6 55. Nxb6 Nfe6 56. Nc4 Rxd3 57. Ne5 Re3 58. Nf3+
Kg6 59. Kf2 Re4 60. Ra7 Nd3+ 61. Kg3 Re3 62. Kg4 Nf2+ 63. Kg3 Ne4+ 64. Kg4 Nf6+
65. Kh4 Rxf3 66. Ra3 Rf4+ 0-1

[Event "44th Rilton Cup 2014-15"]
[Site "Stockholm SWE"]
[Date "2015.01.04"]
[Round "8.7"]
[White "Bellia, Fabrizio"]
[Black "Turov, Maxim"]
[Result "0-1"]
[WhiteTitle "IM"]
[BlackTitle "GM"]
[WhiteElo "2420"]
[BlackElo "2591"]
[WhiteFideId "800511"]
[BlackFideId "4120086"]
[EventDate "2014.12.27"]

1. d4 Nf6 2. Nf3 g6 3. g3 Bg7 4. Bg2 O-O 5. O-O d5 6. c4 dxc4 7. Na3 c3 8. bxc3
c5 9. e3 Nc6 10. Qe2 Bf5 11. Rd1 Qb6 12. Bb2 Rfd8 13. Nc4 Qa6 14. Bf1 Rac8 15.
Ncd2 Qxe2 16. Bxe2 cxd4 17. cxd4 Nb4 18. Ne1 Ne4 19. Nxe4 Bxe4 20. Ba3 Nd5 21.
Bd3 f5 22. Rac1 e6 23. Kf1 Bf8 24. Bxf8 Kxf8 25. Bc4 Ke7 26. Ke2 b5 27. Bxd5
Bxd5 28. a3 Bb3 0-1

[Event "44th Rilton Cup 2014-15"]
[Site "Stockholm SWE"]
[Date "2015.01.04"]
[Round "8.8"]
[White "Ivanov, Sergey"]
[Black "Westerberg, Jonathan"]
[Result "1-0"]
[WhiteTitle "GM"]
[BlackTitle "IM"]
[WhiteElo "2559"]
[BlackElo "2411"]
[WhiteFideId "4101375"]
[BlackFideId "1701754"]
[EventDate "2014.12.27"]

1. d4 d5 2. c4 dxc4 3. e3 b5 4. a4 b4 5. Bxc4 Nf6 6. Nf3 e6 7. O-O Be7 8. Nbd2
Bb7 9. a5 a6 10. Qa4+ Nbd7 11. Ne5 O-O 12. Nc6 Bxc6 13. Qxc6 Ra7 14. Nb3 Qa8 15.
Qxa8 Rfxa8 16. Rd1 c5 17. Bd2 cxd4 18. Nxd4 Rc7 19. Rac1 Raa7 20. Be2 Nb8 21. f3
e5 22. Nf5 Bf8 23. Bxb4 Bxb4 24. Rd8+ Bf8 25. Rxc7 Rxc7 26. Rxb8 g6 27. Ng3 Kg7
28. Bxa6 Bc5 29. Nf1 Nd5 30. Kf2 Ba7 31. Rc8 Rd7 32. Ke2 Ne7 33. Rc4 Rd6 34. Bb7
Rd7 35. Ba8 Rd8 36. Be4 Nc8 37. b4 Nd6 38. Rc7 Nb5 39. Rb7 Nc3+ 40. Kf2 Nd1+ 41.
Ke1 Bxe3 42. Bc2 1-0

[Event "44th Rilton Cup 2014-15"]
[Site "Stockholm SWE"]
[Date "2015.01.04"]
[Round "8.9"]
[White "Tikkanen, Hans"]
[Black "Sagit, Rauan"]
[Result "1/2-1/2"]
[WhiteTitle "GM"]
[BlackTitle "FM"]
[WhiteElo "2551"]
[BlackElo "2357"]
[WhiteFideId "1706446"]
[BlackFideId "1708376"]
[EventDate "2014.12.27"]

1. c4 f5 2. g3 Nf6 3. Bg2 g6 4. Nc3 Bg7 5. d3 Nc6 6. e4 d6 7. Nge2 O-O 8. O-O
Kh8 9. h3 fxe4 10. dxe4 Be6 11. b3 Bf7 12. Be3 e5 13. Qd2 Qd7 14. Rfd1 Be6 15.
Kh2 Rf7 16. Nd5 Nh5 17. Rf1 Raf8 18. f3 Rc8 19. Rad1 Qe8 20. Qc1 b6 21. Rd3 Bd7
22. Qd2 a5 23. a3 Nd8 24. b4 Nc6 25. Rf2 Be6 26. h4 axb4 27. axb4 Ra8 28. Qb2
Nf4 29. Ra3 Rxa3 30. Qxa3 Nxe2 31. Rxe2 Nd4 32. Rf2 b5 33. cxb5 Nxb5 34. Qd3 c6
35. Nb6 Nd4 36. f4 Rb7 37. Bxd4 exd4 38. Nc4 Rxb4 39. Nxd6 Qf8 40. e5 Bxe5 41.
Re2 Qxd6 42. Rxe5 c5 43. h5 Kg7 44. Qa3 d3 45. Qa7+ Kh6 46. hxg6 hxg6 47. Qa8
Kg7 48. Qa7+ Kh6 49. Qa8 Kg7 50. Qa7+ Kh6 1/2-1/2

[Event "44th Rilton Cup 2014-15"]
[Site "Stockholm SWE"]
[Date "2015.01.04"]
[Round "8.11"]
[White "Semcesen, Daniel"]
[Black "Urkedal, Frode"]
[Result "0-1"]
[WhiteTitle "GM"]
[BlackTitle "IM"]
[WhiteElo "2471"]
[BlackElo "2517"]
[WhiteFideId "1706993"]
[BlackFideId "1506102"]
[EventDate "2014.12.27"]

1. d4 Nf6 2. c4 e6 3. Nc3 Bb4 4. a3 Bxc3+ 5. bxc3 c5 6. e3 b6 7. Bd3 Bb7 8. f3
Nc6 9. Nh3 Rc8 10. O-O d6 11. d5 exd5 12. cxd5 Nxd5 13. c4 Nf6 14. Bb2 Ne5 15.
Be2 O-O 16. Qd2 Qe7 17. e4 Rfd8 18. Rfd1 Bc6 19. a4 Qe8 20. Qc2 Ng6 21. Rd2 Nh5
22. Qc3 Qe5 23. Qe3 Qe7 24. Qc3 Bd7 25. Nf2 Ngf4 26. Bf1 Qg5 27. Kh1 Bc6 28. g3
Ne6 29. Bg2 Qe7 30. Ng4 Nd4 31. Ne3 Re8 32. Qd3 f5 33. Nxf5 Nxf5 34. exf5 Rcd8
35. Kg1 d5 36. f4 dxc4 37. Qxc4+ Kf8 38. Rf2 Bxg2 39. Kxg2 Nf6 40. Be5 Ng4 41.
Re2 Rd2 42. Kf3 Nxh2+ 43. Rxh2 Rxh2 44. Qe4 Qf7 45. Re1 Kg8 46. Qc6 Rd8 47. Qe6
Re8 48. Qc6 h5 49. Re3 h4 50. Qg6 Rh3 51. Qc6 Rxg3+ 52. Ke4 Qc4# 0-1

[Event "44th Rilton Cup 2014-15"]
[Site "Stockholm SWE"]
[Date "2015.01.04"]
[Round "8.12"]
[White "Lokander, Martin"]
[Black "Hagen, Andreas Skytte"]
[Result "1/2-1/2"]
[WhiteTitle "FM"]
[BlackTitle "IM"]
[WhiteElo "2365"]
[BlackElo "2430"]
[WhiteFideId "1709569"]
[BlackFideId "1407341"]
[EventDate "2014.12.27"]

1. d4 d5 2. c4 e6 3. Nc3 Nf6 4. cxd5 exd5 5. Bg5 c6 6. e3 Bf5 7. Qf3 Bg6 8. Bxf6
Qxf6 9. Qxf6 gxf6 10. Nf3 Nd7 11. Nh4 Be7 12. g3 Nb6 13. f4 f5 14. Nf3 Nc8 15.
Ne5 f6 16. Nf3 Bb4 17. Rc1 Nd6 18. a3 Bxc3+ 19. Rxc3 Kd7 20. Nh4 Rhe8 21. Bh3
Re7 22. O-O Rae8 23. Re1 a5 24. a4 Ke6 25. Rb3 Bh5 26. Bf1 Kd7 27. Kf2 Ne4+ 28.
Kg1 Nd6 29. Kf2 Bf7 30. Bd3 Be6 31. Rc3 Kc7 32. b3 Bd7 33. Rcc1 Rg7 34. Rc3 Rge7
35. Rcc1 Rg7 36. Rc3 b6 37. Rcc1 Rc8 38. Rc3 Rgg8 39. Rec1 Kd8 40. R3c2 Ke7 41.
Ke2 Rc7 42. Kd2 Rgc8 43. Ba6 Ne4+ 44. Kd1 Rb8 45. Bd3 Kd6 46. Bxe4 fxe4 47. Ra1
c5 48. Ng2 Rbc8 49. Ne1 cxd4 50. exd4 Rc3 51. Rxc3 Rxc3 52. Rb1 e3 53. Ke2 Bg4+
54. Kf1 Bh3+ 55. Ke2 Ke6 56. b4 Bg4+ 57. Kf1 Bh3+ 58. Ke2 Bg4+ 59. Kf1 Kf5 60.
bxa5 bxa5 61. Rb7 Ke4 62. Rxh7 Rc1 63. f5 Kxf5 64. Re7 Bh3+ 65. Ke2 Bg4+ 66. Nf3
Bxf3+ 67. Kxf3 Rf1+ 68. Ke2 Ra1 69. h4 Rxa4 70. Kxe3 Ra3+ 71. Kf2 Rd3 72. Ra7
Rxd4 73. Rxa5 Kg4 74. Ra6 1/2-1/2

[Event "44th Rilton Cup 2014-15"]
[Site "Stockholm SWE"]
[Date "2015.01.04"]
[Round "8.13"]
[White "Smith, Axel"]
[Black "Pettersson, Anders1"]
[Result "1-0"]
[WhiteTitle "IM"]
[BlackTitle "FM"]
[WhiteElo "2479"]
[BlackElo "2280"]
[WhiteFideId "1707930"]
[BlackFideId "1709771"]
[EventDate "2014.12.27"]

1. e4 c5 2. Nf3 g6 3. d4 cxd4 4. Qxd4 Nf6 5. e5 Nc6 6. Qa4 Nd5 7. Qe4 Nb6 8. Nc3
d5 9. exd6 Bf5 10. Qe2 Qxd6 11. Nb5 Qb8 12. Nbd4 Bg7 13. Nxf5 gxf5 14. g3 O-O
15. Bh3 e6 16. O-O Qc7 17. c3 Nd5 18. Rd1 Rfe8 19. Qc4 Ne5 20. Nxe5 Qxe5 21. Bg2
Rad8 22. Bg5 Nb6 23. Qb3 Rxd1+ 24. Rxd1 Qc7 25. Bf4 e5 26. Be3 e4 27. Bh3 Nc4
28. Bxa7 e3 29. fxe3 b6 30. Qb5 Re5 31. Qd7 Qc5 32. Qd4 Bh6 33. Qxc5 bxc5 34. b3
Bxe3+ 35. Kg2 Nd2 36. Re1 f4 37. gxf4 Bxf4 38. Rxe5 Bxe5 39. c4 Bd4 40. Bf5 Kg7
41. Bc2 Kf6 42. Bxh7 Kg5 43. b4 Nxc4 44. Bxc5 Bc3 45. b5 Ba5 46. Bd3 Ne5 47. Bc2
Nd7 48. Be3+ Kf6 49. h4 Kg7 50. Bf5 Nb6 51. Bxb6 Bxb6 52. Kf3 1-0

[Event "44th Rilton Cup 2014-15"]
[Site "Stockholm SWE"]
[Date "2015.01.04"]
[Round "8.14"]
[White "Nielsen, Hogni Egilstoft"]
[Black "Bekker-Jensen, Simon"]
[Result "1/2-1/2"]
[BlackTitle "IM"]
[WhiteElo "2226"]
[BlackElo "2459"]
[WhiteFideId "7200404"]
[BlackFideId "1403613"]
[EventDate "2014.12.27"]

1. e4 c5 2. Nf3 d6 3. Bb5+ Nd7 4. d4 cxd4 5. Qxd4 a6 6. Bxd7+ Bxd7 7. c4 e5 8.
Qd3 b5 9. Nc3 bxc4 10. Qxc4 Be6 11. Qc6+ Bd7 12. Qc4 h6 13. O-O Nf6 14. Rd1 Be7
15. Ne1 O-O 16. Nc2 Be6 17. Qd3 Qb6 18. Ne3 Rac8 19. b3 Rc7 20. Ncd5 Nxd5 21.
Nxd5 Bxd5 22. Qxd5 Rfc8 23. Be3 Qb4 24. a3 Qc3 25. Kf1 Bg5 26. Bxg5 hxg5 27.
Qxd6 Qxb3 28. Qxe5 Rc5 29. Qd4 Rc4 30. Qd5 Qb8 31. g3 R4c5 32. Qd3 Qe5 33. Qxa6
Qxe4 34. Kg1 Rc2 35. Qd3 Qa4 1/2-1/2

[Event "44th Rilton Cup 2014-15"]
[Site "Stockholm SWE"]
[Date "2015.01.04"]
[Round "8.15"]
[White "Akesson, Ralf"]
[Black "Martynov, Pavel2"]
[Result "0-1"]
[WhiteTitle "GM"]
[BlackTitle "FM"]
[WhiteElo "2457"]
[BlackElo "2400"]
[WhiteFideId "1700120"]
[BlackFideId "4122186"]
[EventDate "2014.12.27"]

1. d4 Nf6 2. c4 g6 3. Nc3 Bg7 4. e4 O-O 5. Bg5 d6 6. h3 c5 7. d5 e6 8. Nf3 exd5
9. cxd5 Re8 10. Bd3 c4 11. Bc2 b5 12. a3 Bd7 13. O-O a5 14. Nd4 Qb6 15. Ndxb5
Bxb5 16. Bxf6 Bxf6 17. Nxb5 Na6 18. a4 Bxb2 19. Rb1 Bg7 20. g3 Nb4 21. Kg2 Qc5
22. h4 h5 23. f4 f5 24. exf5 Nxd5 25. Kh3 Ne3 26. Qxd6 Qxd6 27. Nxd6 Nxc2 28.
Nxe8 Rxe8 29. fxg6 Ne3 30. Rfe1 Bc3 31. Re2 Bd4 32. f5 Kg7 33. Rf1 Kf6 34. Rc1
c3 35. Rce1 c2 36. Rc1 Re7 37. Rcxc2 Nxc2 38. Rxc2 Re5 39. g4 Re3+ 40. Kg2 hxg4 0-1

[Event "44th Rilton Cup 2014-15"]
[Site "Stockholm SWE"]
[Date "2015.01.04"]
[Round "8.16"]
[White "Wallace, John Paul"]
[Black "Lindgren, Philip"]
[Result "1-0"]
[WhiteTitle "IM"]
[BlackTitle "FM"]
[WhiteElo "2404"]
[BlackElo "2332"]
[WhiteFideId "3200957"]
[BlackFideId "1713230"]
[EventDate "2014.12.27"]

1. e4 d6 2. d4 Nf6 3. Nc3 g6 4. Be3 c6 5. f3 Nbd7 6. g4 b5 7. g5 Nh5 8. Qd2 Bg7
9. Nce2 e5 10. Ng3 Nf4 11. N1e2 Ne6 12. h4 exd4 13. Nxd4 Ne5 14. Be2 Nxd4 15.
Bxd4 c5 16. Be3 Nc4 17. Bxc4 bxc4 18. c3 O-O 19. h5 Re8 20. hxg6 hxg6 21. Rd1
Qa5 22. Qh2 Be6 23. Bf4 Rad8 24. Bxd6 Rxd6 25. Rxd6 Qxa2 26. Rd2 a5 27. f4 a4
28. Qh7+ Kf8 29. O-O Bxc3 30. f5 gxf5 31. exf5 Bxd2 32. fxe6 Be3+ 33. Kh1 1-0

[Event "44th Rilton Cup 2014-15"]
[Site "Stockholm SWE"]
[Date "2015.01.04"]
[Round "8.17"]
[White "Percivaldi, Martin"]
[Black "Bellon Lopez, Juan Manuel"]
[Result "1-0"]
[WhiteTitle "FM"]
[BlackTitle "GM"]
[WhiteElo "2319"]
[BlackElo "2381"]
[WhiteFideId "1508148"]
[BlackFideId "2200031"]
[EventDate "2014.12.27"]

1. d4 Nf6 2. c4 c5 3. d5 e5 4. Nc3 d6 5. e4 Be7 6. g3 O-O 7. Bg2 Ne8 8. Nf3 Nd7
9. O-O g6 10. Ne1 Ng7 11. Nd3 f5 12. f4 Bf6 13. Kh1 a6 14. exf5 gxf5 15. a4 e4
16. Nf2 Bd4 17. Ne2 Bf6 18. g4 Re8 19. Ra3 b5 20. gxf5 e3 21. Ng4 Nxf5 22. Nxe3
Nxe3 23. Rxe3 Rxe3 24. Bxe3 Nb6 25. cxb5 Nc4 26. Qb3 axb5 27. axb5 Qe8 28. Qxc4
Qxe3 29. Ng3 Bd4 30. f5 Bd7 31. f6 Bg4 32. f7+ Kf8 33. Qc2 Qh6 34. Qe4 Qg6 35.
b6 Be5 36. Qxg6 hxg6 37. Ne4 Bf5 38. Ng5 Bxb2 39. Be4 Bf6 40. Bxf5 Bxg5 41. b7
Rb8 42. Bc8 c4 43. Rf3 Bd2 44. Ra3 c3 45. Ra2 Kxf7 46. Kg2 Ke7 47. Kf3 Kd8 48.
Ke2 Kc7 49. Ra6 Bf4 50. Rc6+ Kd8 51. h3 Ke7 52. Kd3 Be5 53. Kc2 Kd8 54. Kb3 Ke7
55. Rc4 g5 56. Kb4 Bg3 57. Kxc3 Be1+ 58. Kb3 Ba5 59. Ka4 1-0